[Event "ICS rated blitz match"]
[Site "204.178.125.65"]
[Date "2000.11.21"]
[Round "?"]
[White "Hossa"]
[Black "QueenMaxima"]
[Result "1/2-1/2"]
[WhiteElo "2424"]
[BlackElo "2592"]
[PlyCount "177"]
[EventDate "2000.??.??"]

1. e4 c5 2. c3 d5 3. exd5 Qxd5 4. d4 Nf6 5. Nf3 e6 6. Na3 a6 7. Nc4 Nbd7 8. Ne3
Qh5 9. Be2 cxd4 10. Nxd4 Qc5 11. O-O Be7 12. Re1 O-O 13. Nc4 b5 14. Bf3 Nd5 15.
Nb3 Qxc4 16. Bxd5 exd5 17. Rxe7 Qh4 18. Qe1 Nf6 19. f3 Qxe1+ 20. Rxe1 Be6 21.
Bf4 Rfe8 22. Nc5 a5 23. a4 bxa4 24. Rxa4 Bd7 25. Raa1 Rxe1+ 26. Rxe1 Bb5 27.
Bg5 Nh5 28. g4 h6 29. gxh5 hxg5 30. Re5 Re8 31. Rxd5 Re1+ 32. Kg2 Re2+ 33. Kg3
f6 34. Rd8+ Kh7 35. Ra8 Bc6 36. Rxa5 Rxb2 37. Ne6 Rb5 38. Ra7 Rb7 39. Rxb7 Bxb7
40. Nc5 Bc6 41. Kf2 Kh6 42. Ke3 Kxh5 43. Nd3 Kh4 44. Nf2 Bd5 45. Ke2 f5 46. Ke3
f4+ 47. Ke2 Bc4+ 48. Kd2 Ba6 49. Ke1 Bb5 50. Ng4 Kh3 51. Kf2 Bd7 52. Ne5 Bc8
53. c4 Kxh2 54. c5 Kh3 55. c6 Kh4 56. Ng6+ Kh3 57. Ne7 Ba6 58. Nf5 g6 59. Ne7
Kh4 60. Nxg6+ Kh5 61. Ne7 g4 62. c7 Kh6 63. c8=R Bxc8 64. Nxc8 gxf3 65. Ne7 Kh7
66. Nd5 Kh8 67. Nf6 Kg7 68. Ng4 Kh7 69. Ne5 Kh8 70. Nc4 Kg8 71. Kg1 f2+ 72. Kf1
f3 73. Ne5 Kh8 74. Nc6 Kg8 75. Nb4 Kh8 76. Nd5 Kg8 77. Nc7 Kh8 78. Ne6 Kg8 79.
Kxf2 Kh8 80. Nc5 Kg8 81. Nd7 Kh8 82. Nf6 Kg7 83. Ng4 Kh7 84. Ne5 Kh8 85. Nc6
Kg8 86. Ne5 Kh8 87. Nc6 Kg8 88. Ne5 Kh8 89. Nc6 {Game drawn by repetition}
1/2-1/2

[Event "ICS rated blitz match"]
[Site "204.178.125.65"]
[Date "2000.11.21"]
[Round "?"]
[White "LOGISTIC"]
[Black "Hossa"]
[Result "0-1"]
[WhiteElo "1918"]
[BlackElo "2431"]
[PlyCount "34"]
[EventDate "2000.??.??"]

1. d4 f5 2. Bg5 Nc6 3. d5 Ne5 4. Nc3 Nf7 5. Bd2 Nf6 6. g3 e6 7. Bg2 Bd6 8. Nh3
O-O 9. O-O c6 10. dxe6 dxe6 11. Nf4 e5 12. Nd3 e4 13. Nf4 Bd7 14. Be3 Ng4 15.
Bc1 Qe7 16. h3 Nf6 17. b3 g5 {LOGISTIC resigns} 0-1

[Event "ICS rated blitz match"]
[Site "204.178.125.65"]
[Date "2000.11.21"]
[Round "?"]
[White "PostModernist"]
[Black "Hossa"]
[Result "0-1"]
[WhiteElo "2691"]
[BlackElo "2433"]
[PlyCount "114"]
[EventDate "2000.??.??"]

1. e4 c5 2. c3 d5 3. exd5 Qxd5 4. d4 Nf6 5. Nf3 e6 6. Be2 Nc6 7. O-O cxd4 8.
cxd4 Be7 9. Nc3 Qd6 10. Nb5 Qb8 11. g3 Nd5 12. Bc4 a6 13. Bxd5 axb5 14. Be4 O-O
15. Qc2 Nb4 16. Bxh7+ Kh8 17. Qb1 Rxa2 18. Rxa2 Nxa2 19. Bg5 Qd6 20. Bxe7 Qxe7
21. Bd3 Nb4 22. Bxb5 b6 23. Ne5 Bb7 24. Qd1 Qg5 25. Qb3 Qe7 26. Nd7 Rd8 27.
Nxb6 Rxd4 28. Qc3 Qd6 29. Nc4 Qd5 30. f3 Na2 31. Qb3 Rd3 32. Qxa2 Rxf3 33. Rxf3
Qxf3 34. Ne3 Qxe3+ 35. Kf1 Qe4 36. Qb3 Qh1+ 37. Ke2 Qxh2+ 38. Ke1 Qg1+ 39. Kd2
Qd4+ 40. Bd3 Be4 41. Qc3 Qxd3+ 42. Qxd3 Bxd3 43. Kxd3 Kg8 44. Kd4 Kf8 45. Kc5
Ke7 46. Kc6 f5 47. b4 e5 48. b5 e4 49. b6 e3 50. b7 e2 51. b8=Q e1=Q 52. Kc5 g5
53. Qd6+ Kf7 54. Qc7+ Qe7+ 55. Qxe7+ Kxe7 56. Kd4 Ke6 57. Kc4 Ke5 {
PostModernist resigns} 0-1

[Event "ICS rated blitz match"]
[Site "204.178.125.65"]
[Date "2000.11.21"]
[Round "?"]
[White "Hossa"]
[Black "PostModernist"]
[Result "1/2-1/2"]
[WhiteElo "2459"]
[BlackElo "2665"]
[PlyCount "246"]
[EventDate "2000.??.??"]

1. e4 c6 2. d4 d5 3. Nc3 dxe4 4. Nxe4 Nd7 5. Bd3 Ndf6 6. Ng5 Bg4 7. f3 Bh5 8.
Ne2 e6 9. c3 Bd6 10. Bf4 Nd5 11. Bxd6 Qxg5 12. Ng3 O-O-O 13. Ba3 Bg6 14. Bb1
Bxb1 15. Rxb1 Ne3 16. Qe2 f5 17. Bc5 Kb8 18. d5 Nxd5 19. Qxe6 f4 20. Qf5 Re8+
21. Kd2 Qd8 22. Ne4 Nde7+ 23. Bd6+ Qxd6+ 24. Nxd6 Nxf5 25. Nxf5 g6 26. Nd4 Nf6
27. Rbe1 Nd5 28. Ne6 g5 29. h4 Ne3 30. Nxg5 h6 31. Ne4 Nxg2 32. Reg1 Rhg8 33.
Nf6 Rd8+ 34. Kc1 Rg3 35. Ne4 Rg7 36. b3 a5 37. Rh2 Rdg8 38. Nf6 Ne3 39. Rxg7
Rxg7 40. c4 Ka7 41. Ne4 Rg1+ 42. Kb2 Nf1 43. Rh3 Rg2+ 44. Ka3 Nd2 45. Nxd2 Rxd2
46. Rh1 b5 47. cxb5 cxb5 48. Re1 b4+ 49. Ka4 Rxa2+ 50. Kb5 Ra3 51. Kc4 a4 52.
bxa4 Re3 53. Rf1 b3 54. Rf2 Kb6 55. Kb4 h5 56. a5+ Ka6 57. Ka4 Rc3 58. Kb4 Rc2
59. Rf1 b2 60. Rb1 Rf2 61. Ka4 Kb7 62. Kb5 Ka7 63. a6 Rh2 64. Ka5 Rc2 65. Kb5
Rf2 66. Rd1 Rxf3 67. Rd7+ Kb8 68. Rb7+ Ka8 69. Kc4 Rf2 70. Kd3 Rh2 71. Ke4 Rxh4
72. Rxb2 Ka7 73. Rb7+ Kxa6 74. Rf7 Rh1 75. Rf6+ Kb5 76. Rf5+ Kc4 77. Kxf4 Kd3
78. Rd5+ Ke2 79. Re5+ Kf2 80. Kg5 h4 81. Rf5+ Kg3 82. Kh5 h3 83. Rg5+ Kh2 84.
Kh4 Rd1 85. Rg4 Rd3 86. Rf4 Kg2 87. Rg4+ Kf2 88. Rf4+ Ke1 89. Re4+ Kf1 90. Rf4+
Kg1 91. Rg4+ Kf1 92. Rf4+ Ke2 93. Rg4 Rf3 94. Rc4 Kf1 95. Rc1+ Kf2 96. Rc2+ Kg1
97. Kg4 Rb3 98. Rc1+ Kg2 99. Rc2+ Kh1 100. Kh4 h2 101. Rc1+ Kg2 102. Rc2+ Kh1
103. Rc1+ Kg2 104. Rc2+ Kg1 105. Rc1+ Kf2 106. Rc2+ Kf3 107. Rxh2 Rb4+ 108. Kh5
Rc4 109. Kh6 Rc6+ 110. Kh7 Kg3 111. Rh1 Rc7+ 112. Kh8 Rc8+ 113. Kg7 Re8 114.
Kh7 Kg2 115. Rd1 Rf8 116. Kg7 Rf3 117. Kh7 Kh2 118. Kh8 Kg2 119. Kg8 Kg3 120.
Kh8 Kh3 121. Kg8 Kg3 122. Kh8 Kh3 123. Kg8 Kg3 {Game drawn by repetition}
1/2-1/2

[Event "ICS rated bullet match"]
[Site "204.178.125.65"]
[Date "2000.11.21"]
[Round "?"]
[White "Hossa"]
[Black "twixer"]
[Result "1/2-1/2"]
[WhiteElo "2601"]
[BlackElo "2506"]
[PlyCount "168"]
[EventDate "2000.??.??"]

1. e4 c6 2. d4 d5 3. Nc3 dxe4 4. Nxe4 Nd7 5. Bd3 Ngf6 6. Ng5 e6 7. Ne2 Bd6 8.
O-O h6 9. Nf3 O-O 10. Bf4 Bxf4 11. Nxf4 Re8 12. Ne2 e5 13. Nxe5 Nxe5 14. dxe5
Ng4 15. e6 Bxe6 16. Qd2 Qh4 17. Qf4 g5 18. Qg3 Qxg3 19. Nxg3 Ne5 20. f4 Nxd3
21. cxd3 gxf4 22. Nh5 Red8 23. Nxf4 Bf5 24. Rf3 Rac8 25. Kf2 Rd4 26. Re1 Bg4
27. Ne2 Rd5 28. Rg3 Rf5+ 29. Kg1 Rg5 30. Nc3 Be6 31. Rxg5+ hxg5 32. Ne4 g4 33.
Nc5 Bd5 34. Re7 b6 35. Ne4 Bxa2 36. Rxa7 Be6 37. Rb7 b5 38. Nc5 Ra8 39. Rc7 Bd5
40. d4 Ra1+ 41. Kf2 Ra2 42. Nd3 Be4 43. Ne5 Rxb2+ 44. Ke3 f5 45. Nxg4 Kf8 46.
g3 Rb3+ 47. Kf4 Rf3+ 48. Ke5 fxg4 49. Kxe4 Rf6 50. Ke5 Rh6 51. Kf5 Ke8 52. Kxg4
Kd8 53. Rb7 Kc8 54. Re7 Rxh2 55. Kf3 b4 56. Re8+ Kc7 57. Re7+ Kb6 58. Re8 Kb5
59. Ke3 b3 60. Kd3 Kb4 61. Rb8+ Ka3 62. Rb6 Rg2 63. Kc4 Rc2+ 64. Kd3 Ka2 65. g4
Rg2 66. Rxc6 Rg3+ 67. Kc4 b2 68. Ra6+ Ra3 69. Rb6 b1=Q 70. Rxb1 Kxb1 71. d5 Ra6
72. Kc5 Rg6 73. d6 Kc2 74. d7 Rg8 75. Kb6 Ra8 76. Kb7 Rg8 77. g5 Kd3 78. Kc7
Ke4 79. g6 Kf5 80. g7 Rxg7 81. Kc8 Rg8+ 82. Kc7 Rg7 83. Kc8 Rg8+ 84. Kc7 Rg7 {
Game drawn by repetition} 1/2-1/2

[Event "ICS rated blitz match"]
[Site "204.178.125.65"]
[Date "2000.11.21"]
[Round "?"]
[White "WICKER-MAN"]
[Black "Hossa"]
[Result "0-1"]
[WhiteElo "2012"]
[BlackElo "2468"]
[PlyCount "58"]
[EventDate "2000.??.??"]

1. e4 c5 2. d4 Nf6 3. e5 Ne4 4. Bd3 Qa5+ 5. c3 f5 6. Bxe4 fxe4 7. Nd2 cxd4 8.
cxd4 Nc6 9. Ne2 d5 10. exd6 exd6 11. O-O Bg4 12. Nxe4 d5 13. N4c3 Bb4 14. h3
Bh5 15. Qd3 O-O 16. Nf4 Bf7 17. a3 Bd6 18. Re1 Nb4 19. Qd1 Qa6 20. Rb1 Bxf4 21.
axb4 Bc7 22. b5 Qd6 23. g3 Qd7 24. Kg2 Be6 25. h4 Bf5 26. Ra1 Bg4 27. Qb3 Bf3+
28. Kh2 Qg4 29. Nxd5 Qxh4+ {WICKER-MAN resigns} 0-1

[Event "ICS rated blitz match"]
[Site "204.178.125.65"]
[Date "2000.11.21"]
[Round "?"]
[White "Hossa"]
[Black "QueenMaxima"]
[Result "1-0"]
[WhiteElo "2470"]
[BlackElo "2560"]
[PlyCount "151"]
[EventDate "2000.??.??"]

1. e4 c5 2. c3 Nf6 3. e5 Nd5 4. d4 cxd4 5. Nf3 e6 6. cxd4 b6 7. a3 Be7 8. Bd3
Ba6 9. Bxa6 Nxa6 10. Qe2 Nac7 11. Nc3 Rc8 12. Nxd5 Nxd5 13. O-O f6 14. Qa6 fxe5
15. dxe5 Qc7 16. Bd2 O-O 17. Rfc1 Qb8 18. Rxc8 Rxc8 19. Qb5 Qc7 20. Re1 Kh8 21.
h4 Qd8 22. Ng5 Qe8 23. Qa4 a5 24. Rd1 Rc6 25. Qg4 Bxg5 26. Bxg5 Qb8 27. Qe4 Qc8
28. h5 Rc4 29. Qd3 Rg4 30. Bd2 Qf8 31. h6 gxh6 32. g3 h5 33. Qe2 Qg8 34. Qb5 h4
35. Qxd7 hxg3 36. f3 Rd4 37. Qc6 Rd3 38. Qc4 Rxf3 39. Qh4 Rf5 40. Bh6 g2 41. a4
Rf3 42. Qh5 Rg3 43. Rc1 Rg6 44. Rc2 Nb4 45. Rf2 Nd3 46. Rf8 Qxf8 47. Bxf8 Nxb2
48. Qh4 h6 49. Bxh6 Kg8 50. Bc1 Nxa4 51. Qxa4 Kg7 52. Be3 b5 53. Qxb5 a4 54.
Qxa4 Kf8 55. Qf4+ Kg7 56. Qg5 Rxg5 57. Bxg5 Kg6 58. Bf4 Kf5 59. Bg3 Ke4 60.
Kxg2 Ke3 61. Kh3 Kd4 62. Kg4 Ke4 63. Kg5 Kf3 64. Kf6 Kxg3 65. Kxe6 Kf4 66. Kf6
Ke4 67. e6 Kd4 68. e7 Ke4 69. e8=Q+ Kd3 70. Qa4 Ke3 71. Ke5 Kd3 72. Kf4 Kc3 73.
Ke3 Kb2 74. Kd3 Kb1 75. Kc3 Kc1 76. Qa1# {QueenMaxima checkmated} 1-0

[Event "ICS rated bullet match"]
[Site "204.178.125.65"]
[Date "2000.11.21"]
[Round "?"]
[White "defender3450"]
[Black "Hossa"]
[Result "0-1"]
[WhiteElo "1938"]
[BlackElo "2597"]
[PlyCount "54"]
[EventDate "2000.??.??"]

1. e4 c5 2. Bc4 e6 3. Nc3 a6 4. a4 Nf6 5. e5 d5 6. exf6 dxc4 7. fxg7 Bxg7 8.
Nf3 Nc6 9. O-O b6 10. Qe2 Nd4 11. Nxd4 cxd4 12. Ne4 d3 13. cxd3 Qxd3 14. Qxd3
cxd3 15. Re1 Ke7 16. Re3 Bb7 17. f3 Bd4 18. Kf2 Bxe4 19. fxe4 Rhg8 20. g3 Rg6
21. Kf3 Rf6+ 22. Kg4 Rg8+ 23. Kh3 Bxe3 24. dxe3 Rf1 25. b3 Kd7 26. Bb2 Rxa1 27.
Bxa1 d2 {defender3450 resigns} 0-1

[Event "ICS rated blitz match"]
[Site "204.178.125.65"]
[Date "2000.11.21"]
[Round "?"]
[White "Hossa"]
[Black "dannystallone"]
[Result "1-0"]
[WhiteElo "2493"]
[BlackElo "2090"]
[PlyCount "71"]
[EventDate "2000.??.??"]

1. e4 c5 2. c3 g6 3. d4 cxd4 4. cxd4 d5 5. exd5 Nf6 6. Nc3 Nxd5 7. Qb3 Nb6 8.
d5 Bg7 9. Be3 O-O 10. Rd1 N6d7 11. Nf3 Na6 12. Bxa6 bxa6 13. O-O Qa5 14. Bd4
Rb8 15. Qc2 Bxd4 16. Nxd4 Qc5 17. Nc6 Rb6 18. Qe2 Rb7 19. Ne4 Qb5 20. Nxe7+ Kg7
21. Qxb5 Rxb5 22. Nd6 Rxb2 23. Nexc8 Rxa2 24. Nxa7 Nb6 25. Nc6 a5 26. g4 h6 27.
f4 a4 28. Rf2 Ra3 29. f5 Rc3 30. fxg6 fxg6 31. Rxf8 Kxf8 32. Rf1+ Kg8 33. Ne7+
Kh8 34. Nf7+ Kg7 35. Ne5 Re3 36. Rf7+ {dannystallone resigns} 1-0

[Event "ICS rated blitz match"]
[Site "204.178.125.65"]
[Date "2000.11.21"]
[Round "?"]
[White "Hossa"]
[Black "dannystallone"]
[Result "1-0"]
[WhiteElo "2499"]
[BlackElo "2084"]
[PlyCount "67"]
[EventDate "2000.??.??"]

1. e4 c5 2. c3 Nf6 3. e5 Nd5 4. d4 cxd4 5. Nf3 e6 6. cxd4 d6 7. Bc4 Bd7 8. Bg5
Qa5+ 9. Qd2 Qxd2+ 10. Bxd2 Bc6 11. O-O Nd7 12. Rc1 dxe5 13. Nxe5 Nxe5 14. dxe5
Be7 15. Nc3 Nxc3 16. Bxc3 O-O 17. Kf1 Rac8 18. Rd1 Bxg2+ 19. Kxg2 Rxc4 20. Rd7
Bb4 21. Rxb7 Bxc3 22. bxc3 Rxc3 23. Rxa7 g5 24. a4 Rc5 25. Re1 Rd8 26. Re3 Rdd5
27. Rf3 Rxe5 28. Rfxf7 Ra5 29. Rg7+ Kf8 30. Raf7+ Ke8 31. Rc7 Kd8 32. Rgd7+ Ke8
33. Rxh7 Kd8 34. Rcg7 {dannystallone resigns} 1-0

[Event "ICS rated blitz match"]
[Site "204.178.125.65"]
[Date "2000.11.21"]
[Round "?"]
[White "Hossa"]
[Black "dannystallone"]
[Result "1-0"]
[WhiteElo "2510"]
[BlackElo "2073"]
[PlyCount "67"]
[EventDate "2000.??.??"]

1. c4 e5 2. Nc3 d6 3. g3 g6 4. Bg2 Bg7 5. Nf3 Nf6 6. d4 Nbd7 7. dxe5 dxe5 8.
O-O O-O 9. Qc2 c6 10. Rd1 Qe7 11. e4 Re8 12. a3 Nf8 13. b4 N6d7 14. Bg5 Bf6 15.
Bxf6 Qxf6 16. c5 a5 17. Qd2 axb4 18. axb4 Rxa1 19. Rxa1 b6 20. cxb6 Nxb6 21.
Qe3 Nfd7 22. Qh6 Qe7 23. b5 Qc5 24. Rc1 cxb5 25. Bf1 b4 26. Ng5 Nf8 27. Nd5 Qd6
28. Nxb6 Qxb6 29. Bc4 Be6 30. Bxe6 fxe6 31. Nxh7 b3 32. Nf6+ Kf7 33. Nxe8 Kxe8
34. Rc8+ {dannystallone resigns} 1-0

[Event "ICS rated blitz match"]
[Site "204.178.125.65"]
[Date "2000.11.21"]
[Round "?"]
[White "dannystallone"]
[Black "Hossa"]
[Result "0-1"]
[WhiteElo "2067"]
[BlackElo "2516"]
[PlyCount "40"]
[EventDate "2000.??.??"]

1. c4 Nf6 2. Nc3 e5 3. Nf3 Nc6 4. e3 g6 5. d4 exd4 6. exd4 Qe7+ 7. Be2 Bg7 8.
O-O d6 9. Re1 O-O 10. Bg5 Re8 11. Qd2 Bg4 12. Nd5 Qd8 13. h3 Bd7 14. Bd3 Re6
15. Qf4 Nxd5 16. cxd5 Rxe1+ 17. Rxe1 f6 18. dxc6 Bxc6 19. d5 fxg5 20. Nxg5 Bxd5
{dannystallone resigns} 0-1

[Event "ICS rated blitz match"]
[Site "204.178.125.65"]
[Date "2000.11.21"]
[Round "?"]
[White "Hossa"]
[Black "dannystallone"]
[Result "1-0"]
[WhiteElo "2518"]
[BlackElo "2065"]
[PlyCount "47"]
[EventDate "2000.??.??"]

1. e4 Nf6 2. e5 Nd5 3. d4 d6 4. Nf3 Bg4 5. Be2 c6 6. O-O Bxf3 7. Bxf3 dxe5 8.
dxe5 e6 9. c4 Ne7 10. Qxd8+ Kxd8 11. Bh5 g6 12. Bg4 Nd7 13. Re1 Nf5 14. Bd2 a5
15. Nc3 Nc5 16. Red1 Kc7 17. Ne2 Be7 18. Rab1 Rhd8 19. Nf4 Ne4 20. Be1 Bc5 21.
Rxd8 Kxd8 22. Rd1+ Kc7 23. Nh3 a4 24. Bf3 {dannystallone resigns} 1-0

[Event "ICS rated blitz match"]
[Site "204.178.125.65"]
[Date "2000.11.21"]
[Round "?"]
[White "Hossa"]
[Black "dannystallone"]
[Result "1-0"]
[WhiteElo "2522"]
[BlackElo "2061"]
[PlyCount "65"]
[EventDate "2000.??.??"]

1. c4 Nf6 2. g3 e5 3. Bg2 d6 4. Nf3 g6 5. d4 Nbd7 6. dxe5 dxe5 7. O-O Bg7 8.
Nc3 O-O 9. Qc2 c6 10. Ng5 Qe7 11. Rd1 Nc5 12. b4 Ne6 13. Qb2 Nxg5 14. Bxg5 Bf5
15. b5 h6 16. Bxf6 Qxf6 17. bxc6 bxc6 18. Qb7 Rfc8 19. Bxc6 e4 20. Nd5 Qe5 21.
Ne7+ Kh7 22. Nxc8 Rxc8 23. Bd5 Rc7 24. Qb8 g5 25. Rab1 e3 26. Rb7 exf2+ 27.
Kxf2 Rxb7 28. Qxe5 Bxe5 29. Bxb7 Kg6 30. Ke3 Kf6 31. Rf1 Kg6 32. Be4 Bxe4 33.
Kxe4 {dannystallone resigns} 1-0

[Event "ICS rated blitz match"]
[Site "204.178.125.65"]
[Date "2000.11.21"]
[Round "?"]
[White "Hossa"]
[Black "dannystallone"]
[Result "1-0"]
[WhiteElo "2526"]
[BlackElo "2057"]
[PlyCount "71"]
[EventDate "2000.??.??"]

1. e4 Nf6 2. e5 Nd5 3. d4 d6 4. Nf3 Bg4 5. Be2 c6 6. O-O Bxf3 7. Bxf3 dxe5 8.
dxe5 e6 9. c4 Ne7 10. Qxd8+ Kxd8 11. Bh5 Ng6 12. Bxg6 hxg6 13. Rd1+ Nd7 14. Nd2
Kc7 15. Nf3 Bc5 16. Bg5 f6 17. Bf4 g5 18. Bg3 Kc8 19. Rd3 g4 20. Rad1 Nb6 21.
exf6 gxf6 22. Nd2 e5 23. Ne4 Be7 24. Rc3 Na4 25. Rc2 Nc5 26. Nxc5 Bxc5 27. Rcd2
Kc7 28. Rd7+ Kb6 29. Kf1 Rhg8 30. R1d3 Rab8 31. Rb3+ Ka6 32. Bh4 f5 33. Bf6 Bd4
34. Be7 c5 35. Bd6 Rbd8 36. Bc7 {dannystallone resigns} 1-0

[Event "ICS rated blitz match"]
[Site "204.178.125.65"]
[Date "2000.11.21"]
[Round "?"]
[White "Hossa"]
[Black "dannystallone"]
[Result "1-0"]
[WhiteElo "2530"]
[BlackElo "2053"]
[PlyCount "63"]
[EventDate "2000.??.??"]

1. e4 Nf6 2. e5 Nd5 3. d4 d6 4. Nf3 Bg4 5. Be2 c6 6. O-O Bxf3 7. Bxf3 dxe5 8.
dxe5 e6 9. c4 Ne7 10. Qxd8+ Kxd8 11. Bh5 g6 12. Bg4 Nd7 13. Re1 h6 14. Nc3 g5
15. Bh5 Ng6 16. Bxg6 fxg6 17. Be3 Bg7 18. Rad1 Ke7 19. Bd4 c5 20. Be3 b6 21. f4
gxf4 22. Bxf4 Rhf8 23. Re4 g5 24. Bg3 Rf5 25. Nb5 Nxe5 26. Nd6 Rd8 27. Nxf5+
exf5 28. Rxe5+ Bxe5 29. Rxd8 Bxg3 30. Ra8 Be5 31. Rxa7+ Kd8 32. b3 {
dannystallone resigns} 1-0

[Event "ICS rated standard match"]
[Site "204.178.125.65"]
[Date "2000.11.21"]
[Round "?"]
[White "BrazilianMaster"]
[Black "Hossa"]
[Result "1-0"]
[WhiteElo "2632"]
[BlackElo "2245"]
[PlyCount "65"]
[EventDate "2000.??.??"]

1. e4 c5 2. Nf3 Nc6 3. Bb5 g6 4. O-O Bg7 5. Re1 e5 6. Bxc6 dxc6 7. d3 Qe7 8. a3
Nf6 9. b4 cxb4 10. axb4 Qxb4 11. Nxe5 Be6 12. d4 Nd7 13. Ba3 Qa5 14. Nf3 c5 15.
Nbd2 Qc7 16. c3 Qf4 17. h3 cxd4 18. cxd4 Nb6 19. Qb1 Qb8 20. e5 Bd5 21. Ne4
Bxe4 22. Qxe4 Qc7 23. Rac1 Qd7 24. e6 Qd5 25. Qf4 fxe6 26. Ne5 Bxe5 27. Rxe5
Qc4 28. Rxc4 Nxc4 29. Qf6 Nxa3 30. Rxe6+ Kd7 31. Re7+ Kd8 32. Rxh7+ Kc8 33.
Qxh8# {Hossa checkmated} 1-0

[Event "ICS Rated blitz match"]
[Site "204.178.125.65"]
[Date "2000.11.21"]
[Round "?"]
[White "Amateur"]
[Black "Hossa"]
[Result "1/2-1/2"]
[WhiteElo "2565"]
[BlackElo "2538"]
[PlyCount "213"]
[EventDate "2000.??.??"]

1. e4 e5 2. Nf3 Nc6 3. Bb5 a6 4. Ba4 Nf6 5. O-O Be7 6. Re1 b5 7. Bb3 d6 8. c3
O-O 9. h3 Na5 10. Bc2 c5 11. d4 Qc7 12. Nbd2 cxd4 13. cxd4 Nc6 14. Nb3 a5 15.
dxe5 dxe5 16. Bg5 a4 17. Nbd2 Nb4 18. Bb1 h6 19. Bxf6 Bxf6 20. a3 Nc6 21. Ba2
Bd7 22. Rc1 Rad8 23. Bd5 Rc8 24. b3 axb3 25. Nxb3 Qa7 26. Nc5 Nd4 27. Nxd7 Qxd7
28. Qd3 Rxc1 29. Rxc1 Rc8 30. Rxc8+ Qxc8 31. Nxd4 exd4 32. g4 Qd7 33. Kh2 Be5+
34. Kg1 g5 35. Kg2 Kg7 36. Qd2 Kg6 37. Qc2 Qe8 38. Qc5 Bf6 39. Bc6 Qe7 40. Qxb5
Qxa3 41. e5 Be7 42. Bd5 Qc5 43. Qd7 Kg7 44. e6 f6 45. Be4 Qd6 46. Bf5 Qxd7 47.
exd7 Kf7 48. Kf3 Bd8 49. Ke4 Bb6 50. Kd3 Ke7 51. Ke4 Kf7 52. f4 Ke7 53. Kd3
gxf4 54. Ke4 d3 55. Kxd3 f3 56. h4 Kd6 57. h5 Ke5 58. Kd2 f2 59. Ke2 Kf4 60.
d8=Q Bxd8 61. Kxf2 Kg5 62. Kf3 Bc7 63. Ke4 Bd6 64. Kd5 Be5 65. Ke6 Kh4 66. Kf7
Kg5 67. Ke7 Bd4 68. Be6 Be3 69. Kd6 Bd4 70. Bf5 Be3 71. Kc6 Bc1 72. Kd6 Be3 73.
Ke7 Bd4 74. Kd7 Be3 75. Kd6 Bd4 76. Kc6 Be3 77. Kd7 Bd4 78. Ke7 Be3 79. Be6 Bd4
80. Kd6 Be3 81. Kd5 Bf4 82. Bf5 Be3 83. Ke6 Bd4 84. Kd5 Be3 85. Kc6 Bd4 86. Bc8
Kf4 87. Kd5 Be5 88. Bf5 Kg5 89. Ke6 Bd4 90. Kd7 Be3 91. Kd6 Bd4 92. Kc6 Be5 93.
Kd7 Bd4 94. Ke7 Be3 95. Ke6 Bd4 96. Kd5 Be3 97. Kc6 Bd4 98. Bd7 Be5 99. Bf5 Bb2
100. Kd6 Bc3 101. Kd7 Bd4 102. Ke6 Bc3 103. Kf7 Be5 104. Ke6 Bd4 105. Kd7 Bc5
106. Ke8 Bd4 107. Ke7 {Game drawn by repetition} 1/2-1/2

[Event "ICS rated blitz match"]
[Site "204.178.125.65"]
[Date "2000.11.21"]
[Round "?"]
[White "Hossa"]
[Black "Stas"]
[Result "0-1"]
[WhiteElo "2539"]
[BlackElo "2470"]
[PlyCount "172"]
[EventDate "2000.??.??"]

1. e4 c5 2. Nf3 e6 3. Nc3 a6 4. d4 cxd4 5. Nxd4 b5 6. Bd3 Qb6 7. Nb3 Qc7 8. a4
b4 9. Ne2 Bb7 10. Be3 Nf6 11. f3 d5 12. exd5 Nxd5 13. Bd2 Bd6 14. g3 O-O 15.
Qb1 Nd7 16. c3 bxc3 17. bxc3 N7f6 18. O-O Rab8 19. Qc2 Rfc8 20. Qa2 Qb6+ 21.
Rf2 Ne3 22. Rb1 Bd5 23. Ned4 Nc4 24. Bg5 Nd7 25. Nd2 Qc5 26. Rxb8 Nxb8 27. N2b3
Qb6 28. a5 Qa7 29. Qc2 h6 30. Bc1 Nc6 31. Nxc6 Rxc6 32. Kh1 Qc7 33. Nd4 Rc5 34.
Bh7+ Kf8 35. Nb3 Rc6 36. Nd4 Rc5 37. Nb3 Rb5 38. Bd3 Rb8 39. Bxc4 Qxc4 40. Nd2
Qc6 41. c4 Qc7 42. Bb2 Ba8 43. Qc3 f6 44. Ba3 Bxa3 45. Qxa3+ Kf7 46. Re2 Qd7
47. Qc3 e5 48. c5 Bc6 49. Qc4+ Qd5 50. Qc2 Rb5 51. Ne4 Rxa5 52. Rd2 Qe6 53. Qc3
Ra2 54. Nd6+ Kg8 55. Kg2 Rxd2+ 56. Qxd2 Qd5 57. Qxd5+ Bxd5 58. Ne4 Bxe4 59.
fxe4 Kf7 60. Kf3 Ke7 61. Ke3 Kd7 62. Kd3 Kc6 63. Kc4 a5 64. g4 g5 65. h3 a4 66.
Kb4 a3 67. Kxa3 Kxc5 68. Kb3 Kd4 69. Kc2 Kxe4 70. Kd2 Kf3 71. Ke1 e4 72. Kf1 e3
73. Ke1 e2 74. Kd2 Kf2 75. Kd3 e1=Q 76. Kd4 Qe5+ 77. Kd3 Qd5+ 78. Kc3 Ke2 79.
h4 gxh4 80. Kb4 Qc6 81. Ka5 h3 82. g5 hxg5 83. Kb4 h2 84. Kb3 h1=Q 85. Kb4 Qb1+
86. Ka5 Qa8# {Hossa checkmated} 0-1

[Event "ICS rated bullet match"]
[Site "204.178.125.65"]
[Date "2000.11.21"]
[Round "?"]
[White "Hossa"]
[Black "Eatman"]
[Result "1-0"]
[WhiteElo "2598"]
[BlackElo "2237"]
[PlyCount "110"]
[EventDate "2000.??.??"]

1. e4 d6 2. d4 e5 3. dxe5 dxe5 4. Qxd8+ Kxd8 5. Bc4 f6 6. Nc3 Nd7 7. Nf3 c6 8.
O-O Kc7 9. Rd1 Nb6 10. Bf7 Bc5 11. a4 a5 12. b3 Ne7 13. Rd3 Bg4 14. h3 Bxf3 15.
Rxf3 Rhf8 16. Bh5 Rad8 17. Rg3 g6 18. Be2 Nec8 19. Bd3 Nd6 20. Bh6 Rf7 21. Rf1
Ne8 22. Rd1 Ng7 23. Bd2 Ne6 24. Na2 Nf4 25. Bxa5 Nxd3 26. Rgxd3 Rfd7 27. Rxd7+
Rxd7 28. Rxd7+ Kxd7 29. Nc1 Nc8 30. Nd3 Bd6 31. Bd2 Ne7 32. Be3 Nc8 33. f3 Ne7
34. Nc5+ Bxc5 35. Bxc5 Ng8 36. g4 h5 37. gxh5 gxh5 38. Kg2 Nh6 39. Kg3 Nf7 40.
Bb6 Ng5 41. Be3 Ne6 42. Kh4 Ng7 43. c3 Ke6 44. Bh6 Ne8 45. Kxh5 Kf7 46. h4 Nd6
47. Be3 f5 48. Bc5 fxe4 49. Bxd6 Ke6 50. Bc5 exf3 51. Kg4 e4 52. Kf4 Kd5 53.
Bg1 c5 54. c4+ Kc6 55. Kxe4 b6 {Eatman resigns} 1-0

[Event "ICS rated blitz match"]
[Site "204.178.125.65"]
[Date "2000.11.21"]
[Round "?"]
[White "Hossa"]
[Black "ravielig"]
[Result "1-0"]
[WhiteElo "2520"]
[BlackElo "1979"]
[PlyCount "97"]
[EventDate "2000.??.??"]

1. e4 c5 2. Nf3 e6 3. d4 cxd4 4. Nxd4 Nf6 5. Bd3 d6 6. O-O Nc6 7. Nxc6 bxc6 8.
Bg5 Be7 9. Nd2 O-O 10. c3 Qc7 11. Qc2 e5 12. Rfd1 Ng4 13. Bxe7 Qxe7 14. Nf1 Nh6
15. f3 f5 16. Ne3 f4 17. Nc4 Be6 18. Na5 Qc7 19. b4 Nf7 20. Qf2 Rfc8 21. Ba6
Rd8 22. Bb7 Bd7 23. Bxa8 Rxa8 24. Rd2 Be6 25. c4 Rb8 26. a3 c5 27. Rb2 Nd8 28.
Qd2 Nf7 29. Rc1 cxb4 30. axb4 h6 31. Qc3 Kh7 32. Rd2 Qb6+ 33. c5 Qxb4 34. Qxb4
Rxb4 35. cxd6 Ra4 36. Nb7 Rb4 37. Nc5 Bc4 38. d7 Nd8 39. Rdc2 Bg8 40. Nd3 Rb7
41. Nxe5 Rxd7 42. Nxd7 Nc6 43. Rxc6 Bc4 44. R1xc4 a5 45. Ra4 g5 46. Rxa5 g4 47.
Re5 gxf3 48. Re7+ Kg8 49. Rc8# {ravielig checkmated} 1-0

[Event "ICS rated blitz match"]
[Site "204.178.125.65"]
[Date "2000.11.21"]
[Round "?"]
[White "WICKER-MAN"]
[Black "Hossa"]
[Result "0-1"]
[WhiteElo "2038"]
[BlackElo "2521"]
[PlyCount "70"]
[EventDate "2000.??.??"]

1. e4 c5 2. b4 d5 3. e5 cxb4 4. a3 bxa3 5. d4 Qa5+ 6. c3 a2 7. Nd2 Qxc3 8. Rxa2
Qxd4 9. Ngf3 Qb6 10. Rb2 Qc7 11. Bb5+ Nc6 12. O-O a6 13. Ba4 b5 14. Bb3 e6 15.
Rc2 Bb4 16. Nd4 Nge7 17. N2f3 O-O 18. Bf4 Qb7 19. Ng5 h6 20. Ndf3 hxg5 21. Nxg5
f6 22. exf6 Rxf6 23. Qh5 Rxf4 24. Qh7+ Kf8 25. Qh8+ Ng8 26. Nh7+ Kf7 27. Ng5+
Ke8 28. Qxg8+ Rf8 29. Qh7 Nd4 30. Qg6+ Kd8 31. Bxd5 Qxd5 32. Qxg7 Nxc2 33. Rb1
Be7 34. Nh7 Qd4 35. Qg3 Bh4 {WICKER-MAN resigns} 0-1

[Event "ICS rated blitz match"]
[Site "204.178.125.65"]
[Date "2000.11.21"]
[Round "?"]
[White "Hossa"]
[Black "seaotter"]
[Result "1-0"]
[WhiteElo "2523"]
[BlackElo "2187"]
[PlyCount "93"]
[EventDate "2000.??.??"]

1. e4 c5 2. Nf3 d6 3. d4 cxd4 4. Nxd4 Nf6 5. Nc3 g6 6. Be3 Bg7 7. f3 Nc6 8. Qd2
O-O 9. Bc4 Bd7 10. O-O Rc8 11. Nxc6 Bxc6 12. Bd4 a6 13. Qf2 b5 14. Bd5 Bxd5 15.
Nxd5 Nxd5 16. Bxg7 Kxg7 17. exd5 Rc5 18. Qd4+ Kg8 19. c3 Qc7 20. Rfe1 Rc4 21.
Qf2 Re8 22. Re2 a5 23. f4 Qc5 24. Qxc5 Rxc5 25. Rd1 b4 26. cxb4 axb4 27. Rd4
Kf8 28. Rxb4 Rxd5 29. Rb7 e5 30. fxe5 dxe5 31. g3 e4 32. a4 g5 33. Rf2 Re7 34.
Rxe7 Kxe7 35. b4 f5 36. Kg2 e3 37. Re2 f4 38. Kf3 Rd4 39. Rb2 Ke6 40. a5 h5 41.
a6 Rd1 42. gxf4 gxf4 43. Kxf4 Rd2 44. a7 Rxb2 45. a8=Q e2 46. Qe4+ Kd6 47. Kf3
{seaotter resigns} 1-0